| 000 | 01118nam a2200277 i 4500 | ||
|---|---|---|---|
| 001 | 185231 | ||
| 003 | SpMaBN | ||
| 005 | 20250718023937.0 | ||
| 008 | 160420s2003 sp |||| |cspa d | ||
| 080 | _a929.52 Rothschild | ||
| 100 | 1 |
_aLottman, Herbert R. ( _d1927-) _9159405 |
|
| 245 | 1 | 4 |
_aLos Rothschild _b: historia de una dinastía / _cHerbert Lottman ; prólogo de Carlos Rodríguez Braun ; [traducción, Roser Berdagué]. |
| 250 | _aEd. especial para este periódico. | ||
| 260 |
_a[Barcelona] : _bABC : _bFolio, _c[2003] |
||
| 300 |
_a412 p. ; _c21 cm. |
||
| 490 | 1 |
_aBiblioteca ABC. Protagonistas del s. XX ; _v19. Las biografías que construyeron el siglo |
|
| 500 | _aÍndice. | ||
| 600 | 3 | 7 |
_aRothschild (Familia) _9154459 |
| 700 | 1 |
_aRodríguez Braun, Carlos. _998385 |
|
| 700 | 1 |
_aBerdagué, Roser. _927859 |
|
| 710 | 2 |
_aDiario ABC. _91137 |
|
| 830 | 0 | 0 |
_aBiblioteca ABC. Protagonistas del s. XX _v19. Las biografías que construyeron el siglo _9192266 |
| 852 |
_aES-MaACL _jA-13707 _9192251 _bR.150376 _cDEPO1 _dOlim: N-6707 _xenc. cart. |
||
| 942 | _2udc | ||
| 999 |
_c185231 _d185231 |
||